000 00389nam a22001697a 4500
005 20260408103233.0
008 160628b xxu||||| |||| 00| 0 eng d
020 _a81-7223-521-6
041 _aeng
082 _a823.912
100 _aJ. R. R. Tolkien
_98935
245 _aThe Hobbit
260 _bHarper Collins
_c2003
300 _a272
650 _aEnglish fiction
_98925
942 _cBK
999 _c4489
_d4488